Top 10 Tennis Players 2025 - Statistics

General Stats
  • This quiz has been taken 64 times
  • The average score is 4 of 10
Answers on the Grid
Answers color-coded by a green-red scale on the quiz's grid according to % correct below.
Sinner
Alcaraz
Djokovic
Draper
De Minaur
Musietti
Ruud
De Fils
Zverev
Paul
Medvedev
Fritz
Bublik
Auger Aliassime
Hurkacz
Nadal
Federer
Llendl
Robertson
Rune
Tien
Fonseca
Shelton
Tiafoe
Dimitrov
Rubliv
Norrie
Kyrigios
 
Answer Stats
Answer % Correct
Zverev
78%
Alcaraz
75%
Djokovic
72%
Sinner
56%
De Minaur
33%
Musietti
28%
Draper
25%
Ruud
8%
De Fils
0%
Paul
0%
No matching quizzes found
Score Distribution
Percent of People with Each Score
Percentile by Number Answered
Your Score History
You have not taken this quiz